Všecno, co jste kdy chtěli vědět o deflací, ale báli jste se zeptat
Dôvody a kontroverzné názory okolo fenoménu deflácie a inflácie. Inflácia a deflácia v cenovom význame i ako peňažný jav. Vzťah medzi ekonomickým rastom a cenovým vývojom. Mýty a omyly a historické skúsenosti s defláciou.
Salvato in:
| Autore principale: | |
|---|---|
| Altri autori: | |
| Natura: | Capitolo di libro |
| Lingua: | ceco |
| Soggetti: | |
| Tags: |
Nessun Tag, puoi essere il primo ad aggiungerne!!
|
MARC
| LEADER | 00000naa a2200000 4500 | ||
|---|---|---|---|
| 001 | 0201912 | ||
| 005 | 20231211083648.6 | ||
| 041 | 0 | |a cze | |
| 044 | |a CZ | ||
| 245 | 1 | 0 | |a Všecno, co jste kdy chtěli vědět o deflací, ale báli jste se zeptat |c Petr Sklenář, Pavel Ryska |
| 520 | |a Dôvody a kontroverzné názory okolo fenoménu deflácie a inflácie. Inflácia a deflácia v cenovom význame i ako peňažný jav. Vzťah medzi ekonomickým rastom a cenovým vývojom. Mýty a omyly a historické skúsenosti s defláciou. | ||
| 610 | 2 | 0 | |a inflácia |
| 610 | 2 | 0 | |a deflácia |
| 610 | 2 | 0 | |a analýza technická |
| 610 | 2 | 0 | |a expozícia menová |
| 610 | 2 | 0 | |a pohyby kurzové |
| 610 | 2 | 0 | |a revalvácia |
| 610 | 2 | 0 | |a rovnováha vonkajšia |
| 100 | 1 | |a Sklenář, Petr | |
| 700 | 1 | |a Ryska, Pavel | |